000 00768nam a22002297a 4500
003 0
005 20250910092640.0
008 250910b xxu||||| |||| 00| 0 eng d
020 _a978-0-357-98765-0
050 _aKF 1355
_b.M36 2025
100 _aMann, Richard A.,
_eauthor.
245 _aBusiness law and the regulation of business /
_cRichard A. Mann and Barry S. Roberts.
250 _aFourteenth edition.
260 _aBoston, MA :
_bCengage,
_c2025.
300 _axxv, various pagination ;
_c27 cm.
504 _aIncludes index.
650 _aCommercial law
_zUnited States.
650 _aTrade regulation
_zUnited States.
650 _aBusiness enterprises
_xLaw and legislation
_zUnited States.
700 _aRoberts, Barry S.,
_eauthor.
942 _2lcc
_cBK
999 _c367860
_d367860